[Event "Junior Online 4NCL Division 4"]
[Site "online"]
[Date "2021.10.28"]
[EventDate "2021.10.28"]
[Round "6.145"]
[White "Bradshaw, Cleo"]
[WhiteElo "1042"]
[WhiteTeam "JHJ Shark Tank 9"]
[Black "Quillaud, Maxime"]
[BlackElo "1420"]
[BlackTeam "Desert Penguins Jupiter"]
[Result "0-1"]
[PlyCount "108"]

1. e4 c5 2. f4 d6 3. Nf3 a6 4. Nc3 e6 5. d3 Nf6 6. Be3 Be7 7. e5 dxe5 8. fxe5 Nfd7 9. Be2 O-O 10. Ng5 Bxg5 11. Bxg5 Qxg5 12. h4 Qxg2 13. Bf3 Qg3+ 14. Kd2 Nxe5 15. Ne4 Qxf3 16. Qxf3 Nxf3+ 17. Ke3 Nd4 18. Kd2 b6 19. Rhg1 Nf3+ 20. Ke3 Nxg1 21. Rxg1 f5 22. Nd6 f4+ 23. Ke4 Nd7 24. Nxc8 Raxc8 25. h5 f3 26. h6 g6 27. Rf1 Rf5 28. Rxf3 Nf6+ 29. Ke3 Nd5+ 30. Ke4 Rxf3 31. Kxf3 Rf8+ 32. Ke4 Rf4+ 33. Ke5 Kf7 34. Kd6 g5 35. c4 Nb4 36. a3 Nxd3 37. b4 cxb4 38. axb4 Nxb4 39. c5 bxc5 40. Kxc5 Nd3+ 41. Kb6 Rf5 42. Kxa6 Ke7 43. Kb6 Kd7 44. Kb7 e5 45. Kb6 e4 46. Kb7 Rf6 47. Kb8 Kd8 48. Ka8 Rf7 49. Kb8 e3 50. Ka8 Rf6 51. Kb8 Rb6+ 52. Ka8 Kc8 53. Ka7 Kc7 54. Ka8 Ra6# 0-1

[Event "Junior Online 4NCL Division 4"]
[Site "online"]
[Date "2021.10.28"]
[EventDate "2021.10.28"]
[Round "6.147"]
[White "Hans-Jee, Sebastian"]
[WhiteElo "812"]
[WhiteTeam "JHJ Shark Tank 9"]
[Black "Dane, James"]
[BlackElo "1248"]
[BlackTeam "Desert Penguins Jupiter"]
[Result "0-1"]
[PlyCount "60"]

1. Nf3 d5 2. d4 e6 3. Nc3 Nf6 4. Bg5 Be7 5. Bxf6 Bxf6 6. e3 O-O 7. Bd3 Nc6 8. O-O Bd7 9. Nd2 Rc8 10. Qh5 g6 11. Qh6 Bg7 12. Qh3 a6 13. Nf3 b5 14. Ng5 h6 15. Nf3 Rb8 16. Bxg6 fxg6 17. Qg3 g5 18. Ne5 Nxe5 19. dxe5 Rf5 20. Rad1 Rxe5 21. Ne2 Rf5 22. Nd4 Rf8 23. Qh3 e5 24. Nf3 Bxh3 25. gxh3 e4 26. Nd4 Bxd4 27. exd4 Rf3 28. Kh1 Rxh3 29. Rg1 Qd6 30. a3 Qxh2# 0-1

[Event "Junior Online 4NCL Division 4"]
[Site "online"]
[Date "2021.10.28"]
[EventDate "2021.10.28"]
[Round "6.151"]
[White "Illingworth-Law, Oscar"]
[WhiteElo "1008"]
[WhiteTeam "Edgware Gambits G"]
[Black "Sewell, John"]
[BlackElo "1150"]
[BlackTeam "Staffordshire Oatcakes"]
[Result "0-1"]
[PlyCount "40"]

1. e4 e5 2. Nf3 Nc6 3. d4 exd4 4. Nxd4 Qf6 5. Nxc6 Bc5 6. Be3 Bxe3 7. fxe3 dxc6 8. Nc3 Ne7 9. Qd3 O-O 10. O-O-O Be6 11. Be2 Ng6 12. Rhf1 Qe7 13. Rf3 Rad8 14. Nd5 cxd5 15. exd5 Bxd5 16. c4 Bxf3 17. Bxf3 Rxd3 18. Rxd3 Rd8 19. Rc3 Qd6 20. Bxb7 Qd1# 0-1

[Event "Junior Online 4NCL Division 4"]
[Site "online"]
[Date "2021.10.28"]
[EventDate "2021.10.28"]
[Round "6.153"]
[White "Bagchi, Aadi"]
[WhiteElo "1003"]
[WhiteTeam "Edgware Gambits G"]
[Black "Birch, Cade"]
[BlackElo "1100"]
[BlackTeam "Staffordshire Oatcakes"]
[Result "1-0"]
[PlyCount "65"]

1. e4 c5 2. Nc3 Nc6 3. Nf3 Nf6 4. g3 d6 5. Bg2 Bg4 6. O-O Qd7 7. d3 h6 8. a3 O-O-O 9. Nb1 g6 10. Nbd2 Bg7 11. b3 Nh5 12. Rb1 Nd4 13. Bb2 Nxf3+ 14. Bxf3 Bh3 15. Bg2 Bxg2 16. Kxg2 Bxb2 17. Rxb2 Nf6 18. c4 Ng4 19. Qf3 e6 20. Qe2 Ne5 21. f4 Ng4 22. Qxg4 h5 23. Qe2 e5 24. fxe5 dxe5 25. Kg1 Qd4+ 26. Kg2 Qxb2 27. Rxf7 Kb8 28. Qf2 Qxa3 29. Qf3 Rhf8 30. Rxf8 Rxf8 31. Qxf8+ Kc7 32. Qe7+ Kb8 33. Qd8# 1-0

[Event "Junior Online 4NCL Division 4"]
[Site "online"]
[Date "2021.10.28"]
[EventDate "2021.10.28"]
[Round "6.154"]
[White "Birch, Cara"]
[WhiteElo "900"]
[WhiteTeam "Staffordshire Oatcakes"]
[Black "Patel, Kamran"]
[BlackElo "930"]
[BlackTeam "Edgware Gambits G"]
[Result "1-0"]
[PlyCount "75"]

1. e4 e5 2. Nc3 Nf6 3. Nf3 Be7 4. g3 Nc6 5. Bg2 O-O 6. O-O d6 7. Ng5 Be6 8. Nxe6 fxe6 9. d4 exd4 10. Ne2 d3 11. cxd3 d5 12. exd5 exd5 13. Nf4 Nb4 14. Ne6 Qd6 15. Nxf8 Rxf8 16. Bf4 Qa6 17. Bd2 Nxd3 18. Bg5 Rf7 19. Qf3 Ne5 20. Qd1 Qc4 21. b3 Qc6 22. Rc1 Qd6 23. f4 Neg4 24. Bxf6 Ne3 25. Bxe7 Rxe7 26. Qd2 Nxf1 27. Rxf1 Qb6+ 28. Kh1 Re3 29. Qxd5+ Kf8 30. Qf5+ Ke8 31. Qxh7 Re7 32. Qh8+ Kd7 33. Rd1+ Ke6 34. Bh3+ Kf6 35. Qh4+ Kf7 36. Qh5+ Kg8 37. Rd8+ Re8 38. Rxe8# 1-0

[Event "Junior Online 4NCL Division 4"]
[Site "online"]
[Date "2021.10.28"]
[EventDate "2021.10.28"]
[Round "6.155"]
[White "Sewell, John"]
[WhiteElo "1150"]
[WhiteTeam "Staffordshire Oatcakes"]
[Black "Illingworth-Law, Oscar"]
[BlackElo "1008"]
[BlackTeam "Edgware Gambits G"]
[Result "1-0"]
[PlyCount "51"]

1. d4 d5 2. Nf3 Nc6 3. g3 Bf5 4. c4 e6 5. Bg2 Nb4 6. Na3 Qf6 7. O-O g6 8. cxd5 Nxd5 9. Qa4+ c6 10. Bg5 Qg7 11. Rac1 f6 12. Bd2 Qf7 13. Rxc6 Qd7 14. Rc4 Bxa3 15. Qxa3 Qb5 16. Qa4 Qxa4 17. Rxa4 a6 18. Nh4 Bg4 19. e4 Nb6 20. Rb4 g5 21. Nf3 Bxf3 22. Bxf3 Nd7 23. Rxb7 O-O-O 24. e5 fxe5 25. Rc1+ Nc5 26. Rxc5# 1-0

[Event "Junior Online 4NCL Division 4"]
[Site "online"]
[Date "2021.10.28"]
[EventDate "2021.10.28"]
[Round "6.157"]
[White "Birch, Cade"]
[WhiteElo "1100"]
[WhiteTeam "Staffordshire Oatcakes"]
[Black "Bagchi, Aadi"]
[BlackElo "1003"]
[BlackTeam "Edgware Gambits G"]
[Result "1-0"]
[PlyCount "23"]

1. d4 Nf6 2. Bf4 g6 3. Nf3 Bg7 4. e3 O-O 5. Bd3 h6 6. c3 d6 7. Nbd2 c5 8. dxc5 dxc5 9. Qc2 Nbd7 10. O-O-O b6 11. Bb5 Qc7 12. Bxc7 1-0

[Event "Junior Online 4NCL Division 4"]
[Site "online"]
[Date "2021.10.28"]
[EventDate "2021.10.28"]
[Round "6.158"]
[White "Patel, Kamran"]
[WhiteElo "930"]
[WhiteTeam "Edgware Gambits G"]
[Black "Birch, Cara"]
[BlackElo "900"]
[BlackTeam "Staffordshire Oatcakes"]
[Result "0-1"]
[PlyCount "74"]

1. d4 d5 2. Nf3 Nf6 3. Bf4 Bf5 4. e3 Nc6 5. Be2 e6 6. c3 Be7 7. O-O O-O 8. Nbd2 Bg4 9. h3 Bxf3 10. Bxf3 e5 11. dxe5 Nd7 12. Qa4 Nc5 13. Qd4 Nxd4 14. exd4 Ne6 15. Rfe1 Nxf4 16. Nb3 Nd3 17. Re3 Nxb2 18. Na5 b6 19. Nc6 Qd7 20. Nxe7+ Qxe7 21. Bxd5 Qd7 22. Bxa8 Nc4 23. Rd3 Rxa8 24. Rg3 Re8 25. Rg4 Qa4 26. d5 Qc2 27. Rxc4 Qb2 28. Rf1 Qxa2 29. Rxc7 a5 30. Rb7 Qb2 31. Re1 Qb3 32. Re3 Qxd5 33. Ra7 Qc5 34. c4 Rxe5 35. Rxe5 Qxe5 36. Ra8+ Qe8 37. Rc8 Qxc8 0-1

[Event "Junior Online 4NCL Division 4"]
[Site "online"]
[Date "2021.10.28"]
[EventDate "2021.10.28"]
[Round "6.161"]
[White "Williams, Frank"]
[WhiteElo "995"]
[WhiteTeam "Wanstead Warriors 3"]
[Black "Fanuncio, Benedict"]
[BlackElo "1040"]
[BlackTeam "Chess Challengers G"]
[Result "1-0"]
[PlyCount "33"]

1. e4 e5 2. d4 Nc6 3. dxe5 Nxe5 4. f4 Nc6 5. Be3 Nf6 6. Nc3 d6 7. Bc4 Bg4 8. Nf3 Be7 9. O-O O-O 10. f5 h5 11. h3 Bxf3 12. Qxf3 Nb4 13. Bb3 c6 14. Qg3 b5 15. Bh6 g6 16. Qxg6+ Kh8 17. Qg7# 1-0

[Event "Junior Online 4NCL Division 4"]
[Site "online"]
[Date "2021.10.28"]
[EventDate "2021.10.28"]
[Round "6.162"]
[White "Katragadda, Akhila"]
[WhiteElo "950"]
[WhiteTeam "Chess Challengers G"]
[Black "Qureshi, Zain"]
[BlackElo "955"]
[BlackTeam "Wanstead Warriors 3"]
[Result "0-1"]
[PlyCount "88"]

1. e4 e5 2. f4 d5 3. fxe5 Qh4+ 4. g3 Qxe4+ 5. Qe2 Qxh1 6. Bg2 Qxg1+ 7. Bf1 b6 8. d4 Ba6 9. c4 Bxc4 10. Qg2 Qxf1+ 11. Qxf1 Bxf1 12. Kxf1 Nc6 13. Nc3 O-O-O 14. Nb5 a6 15. Na7+ Nxa7 16. Bg5 Be7 17. Bf4 f6 18. e6 Bd6 19. Bxd6 Rxd6 20. Re1 Ne7 21. b4 Re8 22. Kf2 Nec6 23. Kf3 Nxd4+ 24. Kf4 Nxe6+ 25. Kf5 Nd4+ 26. Kf4 Rxe1 27. Kg4 Ndc6 28. h4 Nxb4 29. h5 Nxa2 30. Kf5 Kd8 31. g4 Ke7 32. g5 Kf7 33. gxf6 Rxf6+ 34. Kg5 Rg1+ 35. Kh4 g5+ 36. Kh3 g4+ 37. Kh4 Rf2 38. Kg5 Kg7 39. h6+ Kf7 40. Kh5 g3 41. Kg5 g2 42. Kh5 Kf6 43. Kg4 Rh1 44. Kg3 g1=Q# 0-1

[Event "Junior Online 4NCL Division 4"]
[Site "online"]
[Date "2021.10.28"]
[EventDate "2021.10.28"]
[Round "6.163"]
[White "Gurusamy, Gurukarthik"]
[WhiteElo "995"]
[WhiteTeam "Wanstead Warriors 3"]
[Black "Singh, Shaurya"]
[BlackElo "940"]
[BlackTeam "Chess Challengers G"]
[Result "1-0"]
[PlyCount "79"]

1. e4 e5 2. f4 exf4 3. Nf3 Nf6 4. Nc3 Nc6 5. d4 Bb4 6. Bd3 Bxc3+ 7. bxc3 O-O 8. Bxf4 d6 9. O-O Bg4 10. Qd2 Bxf3 11. Rxf3 Re8 12. Re1 d5 13. e5 Ne4 14. Bxe4 dxe4 15. Rxe4 Na5 16. Qe2 Qd5 17. a4 Nc4 18. Rg3 g6 19. Bh6 Rad8 20. Rg5 Qc6 21. d5 Qxa4 22. Rxc4 Qa1+ 23. Kf2 f6 24. e6 fxg5 25. Rxc7 Rxd5 26. Rg7+ Kh8 27. Rf7 Qxc3 28. Bg7+ Kg8 29. Bxc3 Rf5+ 30. Rxf5 gxf5 31. e7 b6 32. Bb4 a5 33. Bd6 b5 34. Qxb5 Kf7 35. Qxf5+ Kg8 36. Qxg5+ Kf7 37. Qd5+ Kg7 38. Be5+ Kg6 39. Qd7 Rxe7 40. Qxe7 1-0

[Event "Junior Online 4NCL Division 4"]
[Site "online"]
[Date "2021.10.28"]
[EventDate "2021.10.28"]
[Round "6.164"]
[White "Botnari, Sofia"]
[WhiteElo "961"]
[WhiteTeam "Chess Challengers G"]
[Black "Chu, Ray"]
[BlackElo "1050"]
[BlackTeam "Wanstead Warriors 3"]
[Result "0-1"]
[PlyCount "58"]

1. e4 c6 2. b3 d5 3. c4 dxe4 4. c5 b6 5. cxb6 axb6 6. Bc4 Nf6 7. g4 Bxg4 8. f3 exf3 9. Nxf3 g6 10. h3 Bh5 11. Nc3 Bg7 12. Bb2 O-O 13. Ne5 Bxd1 14. Rxd1 b5 15. Nxf7 Rxf7 16. Bxf7+ Kxf7 17. O-O b4 18. Ne4 Rxa2 19. Bxf6 Bxf6 20. Rc1 Rxd2 21. Rc5 Qd4+ 22. Nf2 Qxc5 23. h4 Bxh4 24. Kh1 Rxf2 25. Re1 Rh2+ 26. Kxh2 Bxe1 27. Kh1 g5 28. Kg2 h5 29. Kf1 Qf2# 0-1

[Event "Junior Online 4NCL Division 4"]
[Site "online"]
[Date "2021.10.28"]
[EventDate "2021.10.28"]
[Round "6.166"]
[White "Qureshi, Zain"]
[WhiteElo "955"]
[WhiteTeam "Wanstead Warriors 3"]
[Black "Katragadda, Akhila"]
[BlackElo "950"]
[BlackTeam "Chess Challengers G"]
[Result "1-0"]
[PlyCount "135"]

1. e4 e5 2. Nc3 Nf6 3. f4 exf4 4. e5 Ng4 5. Qxg4 d6 6. Qxf4 dxe5 7. Qxe5+ Qe7 8. Qxe7+ Bxe7 9. d4 Nc6 10. Nf3 Bf5 11. Bd3 O-O 12. Bxf5 g6 13. Be4 Rad8 14. Be3 Nb4 15. Bxb7 Nxc2+ 16. Ke2 Nxa1 17. Rxa1 c5 18. dxc5 Rfe8 19. Kf2 a5 20. Rd1 Rb8 21. Bc6 Rxb2+ 22. Rd2 Rxd2+ 23. Nxd2 Rc8 24. Nd5 Bh4+ 25. g3 Bd8 26. Bb5 a4 27. Bxa4 Ba5 28. Nc4 Bd8 29. h4 Rb8 30. Bf4 Ra8 31. Bb3 Ba5 32. Ke3 Re8+ 33. Kd4 Be1 34. Nd6 Bf2+ 35. Be3 Bxe3+ 36. Nxe3 Rd8 37. Nd5 f5 38. Nb6+ Kg7 39. c6 Rxd6+ 40. Bd5 h6 41. Ke5 Rd8 42. c7 Re8+ 43. Kd6 g5 44. c8=Q Rxc8 45. Nxc8 f4 46. hxg5 hxg5 47. gxf4 gxf4 48. Bf3 Kg6 49. Ke5 Kg5 50. Ne7 Kh4 51. Ng6+ Kg5 52. Nxf4 Kh4 53. Bb7 Kg3 54. a4 Kg4 55. Bc8+ Kg3 56. a5 Kf3 57. Bb7+ Ke3 58. a6 Kd2 59. a7 Kc3 60. a8=Q Kc4 61. Qa4+ Kc5 62. Qc6+ Kb4 63. Nd3+ Kb3 64. Kd4 Ka3 65. Kc3 Ka2 66. Qa4+ Kb1 67. Qc2+ Ka1 68. Qb2# 1-0

[Event "Junior Online 4NCL Division 4"]
[Site "online"]
[Date "2021.10.28"]
[EventDate "2021.10.28"]
[Round "6.167"]
[White "Singh, Shaurya"]
[WhiteElo "940"]
[WhiteTeam "Chess Challengers G"]
[Black "Gurusamy, Gurukarthik"]
[BlackElo "995"]
[BlackTeam "Wanstead Warriors 3"]
[Result "0-1"]
[PlyCount "92"]

1. e4 e5 2. Nf3 Nc6 3. Bb5 Qf6 4. Bxc6 Qxc6 5. Nc3 d6 6. O-O Nf6 7. d3 Be6 8. Bg5 O-O-O 9. Bxf6 gxf6 10. d4 Qd7 11. dxe5 fxe5 12. Ng5 Bc4 13. Re1 h6 14. Nf3 Be6 15. Nh4 Rg8 16. Nf5 Bxf5 17. exf5 Qxf5 18. Ne4 Qh3 19. g3 Be7 20. Nc3 f5 21. Nd5 Bh4 22. Qd3 f4 23. Qc3 c6 24. Nb4 fxg3 25. fxg3 Bxg3 26. Re3 Bf4+ 27. Rg3 Bxg3 28. Na6 Bxh2+ 29. Kf2 Qxc3 30. bxc3 bxa6 31. Rh1 Bf4 32. c4 Rdf8 33. Ke2 Kb7 34. Rb1+ Kc7 35. Kd3 h5 36. a4 h4 37. a5 h3 38. Ke2 h2 39. Kd3 Rg1 40. Rxg1 hxg1=Q 41. Kc3 Qd4+ 42. Kb3 Bc1 43. c3 Qc5 44. Kc2 Rf2+ 45. Kxc1 Qe3+ 46. Kb1 Qe1# 0-1

[Event "Junior Online 4NCL Division 4"]
[Site "online"]
[Date "2021.10.28"]
[EventDate "2021.10.28"]
[Round "6.168"]
[White "Chu, Ray"]
[WhiteElo "1050"]
[WhiteTeam "Wanstead Warriors 3"]
[Black "Botnari, Sofia"]
[BlackElo "961"]
[BlackTeam "Chess Challengers G"]
[Result "1-0"]
[PlyCount "85"]

1. d4 e6 2. Nf3 Nc6 3. Bf4 Nxd4 4. Qxd4 Nf6 5. e3 b6 6. Bd3 Bc5 7. Qc3 Bb7 8. Be2 Ne4 9. Qxg7 Rf8 10. O-O Bd6 11. Bxd6 Nxd6 12. Nbd2 Nf5 13. Qxh7 Qf6 14. c3 O-O-O 15. Rad1 Rh8 16. Qxh8 Rxh8 17. b4 Qh6 18. c4 b5 19. c5 c6 20. Ra1 Nh4 21. h3 Nxf3+ 22. Nxf3 e5 23. Nxe5 Kc7 24. Nxf7 Qg7 25. Nxh8 Qxh8 26. a4 bxa4 27. Rxa4 Ba6 28. Rxa6 d5 29. Rxa7+ Kb8 30. Ra6 Kb7 31. b5 cxb5 32. Bxb5 d4 33. exd4 Qxd4 34. Rc1 Qb4 35. c6+ Kc7 36. Be2 Qe4 37. Bf3 Qf4 38. Rc2 Qf5 39. Rca2 Qb1+ 40. Kh2 Qf1 41. Ra7+ Kc8 42. c7 Qc1 43. Bg4# 1-0

[Event "Junior Online 4NCL Division 4"]
[Site "online"]
[Date "2021.10.28"]
[EventDate "2021.10.28"]
[Round "6.171"]
[White "Arora, Bukkan"]
[WhiteElo "1022"]
[WhiteTeam "Surrey Kings 3"]
[Black "Teh, Andrew"]
[BlackElo "980"]
[BlackTeam "Leeds Juniors 5"]
[Result "0-1"]
[PlyCount "64"]

1. d4 c5 2. c3 cxd4 3. cxd4 Nf6 4. Nc3 d5 5. Nf3 e6 6. Bf4 Bd7 7. e3 Qb6 8. b3 Bd6 9. Bxd6 Qxd6 10. Bd3 Nc6 11. O-O O-O 12. Qd2 Rad8 13. Ng5 h6 14. Nh3 e5 15. dxe5 Nxe5 16. e4 dxe4 17. Rfe1 Rfe8 18. Nd5 Qxd5 19. Red1 Bxh3 20. gxh3 exd3 21. Qb4 Rd7 22. Rd2 Qd4 23. Qa5 Qxa1+ 24. Kg2 Qd4 25. f4 Qxf4 26. Qxa7 Qxd2+ 27. Qf2 Qxf2+ 28. Kxf2 d2 29. Kg2 d1=Q 30. h4 Rd3 31. a4 Qe2+ 32. Kh1 Rd1# 0-1

[Event "Junior Online 4NCL Division 4"]
[Site "online"]
[Date "2021.10.28"]
[EventDate "2021.10.28"]
[Round "6.172"]
[White "Green, Milo"]
[WhiteElo "997"]
[WhiteTeam "Leeds Juniors 5"]
[Black "Oâ€™Sullivan, Jack"]
[BlackElo "978"]
[BlackTeam "Surrey Kings 3"]
[Result "1-0"]
[PlyCount "49"]

1. d4 d5 2. c4 e6 3. Nf3 Be7 4. Bf4 Nf6 5. Nc3 O-O 6. Ne5 Bd6 7. e3 c5 8. dxc5 Bxc5 9. cxd5 exd5 10. Bb5 d4 11. exd4 Bxd4 12. Qd2 Bxe5 13. Qxd8 Rxd8 14. Bxe5 a6 15. Bc4 Re8 16. f4 Nh5 17. g3 Bg4 18. O-O Nc6 19. Rae1 Nxe5 20. fxe5 Re7 21. Nd5 Rd7 22. Nb6 Rd4 23. Bxf7+ Kh8 24. Nxa8 g6 25. e6 1-0

[Event "Junior Online 4NCL Division 4"]
[Site "online"]
[Date "2021.10.28"]
[EventDate "2021.10.28"]
[Round "6.173"]
[White "Vynnytskyy, Maxim"]
[WhiteElo "1062"]
[WhiteTeam "Surrey Kings 3"]
[Black "Raja Srinivasan, Kavin"]
[BlackElo "887"]
[BlackTeam "Leeds Juniors 5"]
[Result "0-1"]
[PlyCount "60"]

1. e4 c6 2. Nc3 d5 3. f3 dxe4 4. fxe4 e5 5. Bc4 Bc5 6. Nf3 Nd7 7. d3 Ne7 8. Bg5 O-O 9. Na4 Qa5+ 10. c3 Bd6 11. O-O Nb8 12. b4 Qd8 13. Bh4 Qe8 14. Ng5 Bd7 15. Qh5 h6 16. Nh3 Qc8 17. Qf3 Bg4 18. Qg3 Ng6 19. Nf2 Nf4 20. Nxg4 Ne2+ 21. Kf2 Nxg3 22. Kxg3 Nd7 23. d4 exd4+ 24. Kh3 Bb8 25. cxd4 Qc7 26. Ne5 Nxe5 27. dxe5 Qxe5 28. Rae1 Qxh2+ 29. Kg4 Qxg2+ 30. Kh5 Qg6# 0-1

[Event "Junior Online 4NCL Division 4"]
[Site "online"]
[Date "2021.10.28"]
[EventDate "2021.10.28"]
[Round "6.174"]
[White "RoyChowdhury, Aashita"]
[WhiteElo "860"]
[WhiteTeam "Leeds Juniors 5"]
[Black "Goldhawk, Harrison"]
[BlackElo "959"]
[BlackTeam "Surrey Kings 3"]
[Result "1-0"]
[PlyCount "137"]

1. d4 d5 2. Nf3 Bf5 3. Bf4 e6 4. e3 Bb4+ 5. c3 Bd6 6. Nbd2 Nf6 7. Qb3 Nbd7 8. Be2 Ne4 9. Nxe4 Bxe4 10. Bxd6 cxd6 11. Qa3 e5 12. Qxd6 f6 13. O-O Nb6 14. Bb5+ Nd7 15. Bxd7+ Qxd7 16. Qxd7+ Kxd7 17. dxe5 fxe5 18. Nxe5+ Ke6 19. Nf3 Bxf3 20. gxf3 Raf8 21. Kg2 h5 22. f4 Rh6 23. Kf3 Rg6 24. Ke2 Rg4 25. Rg1 Rh4 26. Rxg7 Rxh2 27. Rxb7 Rg8 28. Rxa7 Rgg2 29. Rf1 h4 30. Ra6+ Kf5 31. b4 Rg8 32. b5 Ke4 33. b6 h3 34. b7 Rhg2 35. Ra8 h2 36. Rxg8 Rxg8 37. Rh1 Rb8 38. Rxh2 Rxb7 39. Rh1 Rb2+ 40. Kf1 Kf3 41. Rh3+ Ke4 42. Kg2 Rxa2 43. Rh1 Rc2 44. Rd1 Rxc3 45. Re1 Rc2 46. Kg3 Rc8 47. f3+ Kf5 48. e4+ dxe4 49. fxe4+ Kf6 50. e5+ Kf5 51. e6 Re8 52. e7 Kf6 53. Kg4 Rxe7 54. Rxe7 Kxe7 55. Kg5 Ke6 56. Kg6 Ke7 57. f5 Kd8 58. Kg7 Ke7 59. f6+ Ke8 60. f7+ Ke7 61. f8=Q+ Ke6 62. Qc5 Kd7 63. Qb6 Ke7 64. Kg6 Kd7 65. Kf5 Kc8 66. Qa7 Kd8 67. Ke6 Kc8 68. Kd6 Kd8 69. Qd7# 1-0

[Event "Junior Online 4NCL Division 4"]
[Site "online"]
[Date "2021.10.28"]
[EventDate "2021.10.28"]
[Round "6.175"]
[White "Teh, Andrew"]
[WhiteElo "980"]
[WhiteTeam "Leeds Juniors 5"]
[Black "Arora, Bukkan"]
[BlackElo "1022"]
[BlackTeam "Surrey Kings 3"]
[Result "1/2-1/2"]
[PlyCount "63"]

1. e4 d5 2. e5 f6 3. Nf3 Bf5 4. Nc3 Nh6 5. d4 Nf7 6. Bd3 fxe5 7. Nxe5 Nxe5 8. dxe5 Bxd3 9. Qxd3 e6 10. O-O Bc5 11. Qf3 Rf8 12. Qh3 Nc6 13. Be3 Bxe3 14. fxe3 Nxe5 15. Qxe6+ Qe7 16. Qxe7+ Kxe7 17. Nxd5+ Kd7 18. e4 Rae8 19. Rad1 Kc8 20. Rf5 Rxf5 21. exf5 Nc4 22. b3 Nb2 23. Rd4 Re1+ 24. Kf2 Rc1 25. c4 Nd1+ 26. Kf3 Nc3 27. Nxc3 Rxc3+ 28. Kf2 Rc2+ 29. Kg3 Rc3+ 30. Kf2 Rc2+ 31. Kg3 Rc3+ 32. Kf2 1/2-1/2

[Event "Junior Online 4NCL Division 4"]
[Site "online"]
[Date "2021.10.28"]
[EventDate "2021.10.28"]
[Round "6.176"]
[White "Oâ€™Sullivan, Jack"]
[WhiteElo "978"]
[WhiteTeam "Surrey Kings 3"]
[Black "Green, Milo"]
[BlackElo "997"]
[BlackTeam "Leeds Juniors 5"]
[Result "0-1"]
[PlyCount "54"]

1. e4 c5 2. Nf3 d6 3. d4 Bg4 4. c3 e5 5. Be3 Nf6 6. Nbd2 Be7 7. Be2 Qb6 8. h3 Bxf3 9. Nxf3 Nxe4 10. O-O Qxb2 11. dxe5 Nxc3 12. Qd3 Nxe2+ 13. Kh2 dxe5 14. Nxe5 Qxe5+ 15. g3 Nd4 16. Bxd4 cxd4 17. Rfe1 Qf6 18. Qe4 Nc6 19. f4 O-O 20. h4 Qd6 21. Red1 Rad8 22. Kh3 d3 23. g4 Nb4 24. g5 d2 25. a3 Nd3 26. Ra2 Nf2+ 27. Kg2 Nxe4 0-1

[Event "Junior Online 4NCL Division 4"]
[Site "online"]
[Date "2021.10.28"]
[EventDate "2021.10.28"]
[Round "6.177"]
[White "Raja Srinivasan, Kavin"]
[WhiteElo "887"]
[WhiteTeam "Leeds Juniors 5"]
[Black "Vynnytskyy, Maxim"]
[BlackElo "1062"]
[BlackTeam "Surrey Kings 3"]
[Result "0-1"]
[PlyCount "78"]

1. d4 d5 2. Bf4 Nc6 3. Nf3 Nf6 4. Nbd2 Bf5 5. e3 e6 6. Bd3 Bb4 7. O-O O-O 8. Ne1 Bg4 9. Be2 Bxd2 10. Qxd2 Ne4 11. Qd1 Bxe2 12. Qxe2 Nb4 13. Qg4 Nf6 14. Qg3 Nh5 15. Qg4 Nxf4 16. Qxf4 b6 17. Nf3 Nxc2 18. Rac1 Nb4 19. Ra1 c5 20. dxc5 bxc5 21. Qg3 Rb8 22. Qf4 Nc2 23. Rac1 Rxb2 24. Nd2 Rxa2 25. Nb3 Nb4 26. e4 Ra4 27. exd5 Ra3 28. Rc3 Nxd5 29. Qc1 Nxc3 30. Qc2 c4 31. Qxc3 cxb3 32. Qb4 Ra6 33. Qxb3 Rb6 34. Qa3 Qa8 35. Qf3 Rb7 36. Qf6 a5 37. Qxg7+ Kxg7 38. Re1 Qa6 39. Rb1 Rxb1# 0-1

[Event "Junior Online 4NCL Division 4"]
[Site "online"]
[Date "2021.10.28"]
[EventDate "2021.10.28"]
[Round "6.178"]
[White "Goldhawk, Harrison"]
[WhiteElo "959"]
[WhiteTeam "Surrey Kings 3"]
[Black "RoyChowdhury, Aashita"]
[BlackElo "860"]
[BlackTeam "Leeds Juniors 5"]
[Result "0-1"]
[PlyCount "26"]

1. e4 c6 2. Nc3 d5 3. exd5 cxd5 4. Bb5+ Nc6 5. Nge2 Bf5 6. Nf4 Nf6 7. Nh5 Bg4 8. f3 Bxh5 9. g4 Bg6 10. f4 Be4 11. Nxe4 Nxe4 12. g5 Qb6 13. a4 Qf2# 0-1

[Event "Junior Online 4NCL Division 4"]
[Site "online"]
[Date "2021.10.28"]
[EventDate "2021.10.28"]
[Round "6.181"]
[White "Matveev, Grigory"]
[WhiteElo "1137"]
[WhiteTeam "Desert Penguins Unicorn"]
[Black "Liu, Reuben"]
[BlackElo "908"]
[BlackTeam "Surrey Kings 4"]
[Result "1-0"]
[PlyCount "87"]

1. d4 c6 2. e4 d5 3. e5 Bf5 4. Nc3 e6 5. Nf3 Bb4 6. Bd2 Ne7 7. a3 Ba5 8. Bd3 Bg4 9. O-O O-O 10. Qe1 Nd7 11. Nxd5 cxd5 12. Bxa5 b6 13. Bb4 Bxf3 14. gxf3 a5 15. Bxe7 Qxe7 16. b3 Qg5+ 17. Kh1 h5 18. Qe3 Qxe3 19. fxe3 g5 20. Rg1 g4 21. fxg4 h4 22. Raf1 Kh8 23. g5 h3 24. Rg3 Rg8 25. Rxh3+ Kg7 26. Rg1 f6 27. gxf6+ Kf8 28. Rxg8+ Kxg8 29. Rf3 Rb8 30. c4 dxc4 31. Bxc4 Rc8 32. Bxe6+ Kf8 33. Bxd7 Rc1+ 34. Kg2 Rc2+ 35. Kh3 Rc7 36. Ba4 Rh7+ 37. Kg4 Rxh2 38. e6 Kg8 39. f7+ Kf8 40. e7+ Kxe7 41. f8=Q+ Ke6 42. Qe8+ Kd5 43. Rf5+ Kd6 44. Qe5# 1-0

[Event "Junior Online 4NCL Division 4"]
[Site "online"]
[Date "2021.10.28"]
[EventDate "2021.10.28"]
[Round "6.182"]
[White "Flanders, William"]
[WhiteElo "869"]
[WhiteTeam "Surrey Kings 4"]
[Black "Tengayev, Temir"]
[BlackElo "895"]
[BlackTeam "Desert Penguins Unicorn"]
[Result "0-1"]
[PlyCount "104"]

1. Nf3 d5 2. e4 dxe4 3. Ng5 Bf5 4. Nc3 Nf6 5. d4 Nc6 6. f3 exf3 7. Qxf3 Nxd4 8. Qxb7 Nxc2+ 9. Kf2 Nxa1 10. Bb5+ Bd7 11. Bxd7+ Nxd7 12. Qb3 Nxb3 13. axb3 Rb8 14. Bf4 Rxb3 15. Nd5 Rxb2+ 16. Kg3 Rb3+ 17. Kg4 h6 18. Nf3 Rb5 19. Nxe7 Qxe7 20. Re1 h5+ 21. Kh3 Rf5 22. Rxe7+ Kxe7 23. Bxc7 a5 24. Nd4 Rd5 25. Nb3 a4 26. Nc1 Rd3+ 27. Nxd3 a3 28. Nc1 Rh6 29. Bf4 Ra6 30. Bg5+ f6 31. Bd2 a2 32. Nxa2 Rxa2 33. Bb4+ Ke8 34. Bxf8 Kxf8 35. Kh4 Rxg2 36. h3 Rd2 37. Kxh5 Kg8 38. Kh4 Rf2 39. Kg4 f5+ 40. Kg3 Rf1 41. Kg2 Ra1 42. Kg3 Ra8 43. Kf4 Rf8 44. Kg5 f4 45. h4 f3 46. h5 f2 47. h6 f1=Q 48. Kg6 Qg1+ 49. Kh5 Kf7 50. hxg7 Kxg7 51. Kh4 Kf6 52. Kh5 Qg5# 0-1

[Event "Junior Online 4NCL Division 4"]
[Site "online"]
[Date "2021.10.28"]
[EventDate "2021.10.28"]
[Round "6.183"]
[White "Deng, Jiahao"]
[WhiteElo "935"]
[WhiteTeam "Desert Penguins Unicorn"]
[Black "Cole, Ted"]
[BlackElo "850"]
[BlackTeam "Surrey Kings 4"]
[Result "1/2-1/2"]
[PlyCount "136"]

1. e4 e5 2. Nf3 Nf6 3. d3 Nc6 4. Nc3 d6 5. Be3 Bg4 6. Be2 d5 7. exd5 Nxd5 8. Nxd5 Qxd5 9. O-O Bd6 10. c4 Qe6 11. Ng5 Bxe2 12. Qxe2 Qg6 13. Ne4 O-O 14. Nxd6 cxd6 15. Rac1 Nd4 16. Bxd4 exd4 17. Qe7 Qxd3 18. Qxb7 Qe2 19. Qb3 Rab8 20. Qc2 d3 21. Qxe2 dxe2 22. Rfe1 Rxb2 23. Ra1 Rd8 24. Reb1 Rxb1+ 25. Rxb1 Re8 26. Re1 Re4 27. f3 Re3 28. Kf2 Re7 29. Rxe2 Rxe2+ 30. Kxe2 Kf8 31. Ke3 Ke7 32. Kd4 Kd7 33. c5 dxc5+ 34. Kxc5 Ke6 35. Kd4 f5 36. Ke3 Ke5 37. g3 g5 38. f4+ gxf4+ 39. gxf4+ Kf6 40. Kf3 a5 41. Kg3 Ke6 42. Kh4 Kd5 43. Kg5 Kc4 44. Kxf5 Kc3 45. Kg5 Kb2 46. f5 a4 47. f6 Kxa2 48. f7 h6+ 49. Kxh6 Kb3 50. f8=Q a3 51. Qf3+ Kc2 52. Qb3+ Kxb3 53. h4 a2 54. Kg7 a1=Q+ 55. Kg8 Qg1+ 56. Kf8 Qf2+ 57. Kg8 Qxh4 58. Kf7 Kc4 59. Ke6 Qe4+ 60. Kf6 Kd5 61. Kg5 Ke5 62. Kh6 Qf4+ 63. Kg6 Qf6+ 64. Kh7 Kf4 65. Kg8 Kg5 66. Kh7 Qf5+ 67. Kg7 Qg6+ 68. Kf8 Kf6 1/2-1/2